| 000 | 00742nam a2200301Ia 4500 | ||
|---|---|---|---|
| 003 | OSt | ||
| 005 | 20160512182959.0 | ||
| 008 | 151016s9999 xx 000 0 und d | ||
| 020 | _a9716858020 | ||
| 040 | _cLIC | ||
| 082 | _aDFil 370.15 | ||
| 082 | _bV52s | ||
| 100 | _aVega, Violeta A. | ||
| 245 | _aSocial Dimensions of Education/ | ||
| 245 | _cVioleta A. Vega | ||
| 250 | _aRev. Edition | ||
| 260 | _aQuezon City | ||
| 260 | _bAdriana Printing Co., Inc. | ||
| 260 | _cc2015 | ||
| 300 | _ax, 193 pages; | ||
| 300 | _billustrated | ||
| 300 | _c26 cm. | ||
| 650 | _aAcademic Achievement | ||
| 650 | 0 |
_aEducation _96359 _xSocial aspects |
|
| 700 | _aMyrna L. Carreon | ||
| 700 | _aNelia G. Prieto | ||
| 942 |
_aDDC _2ddc _cDFIL |
||
| 999 |
_c115 _d115 |
||